000 00444nam a22001817a 4500
003 koha_MIRAKIL
005 20231213095647.0
008 231213b |||||||| |||| 00| 0 ||| d
020 _b978-9-75210902-5
040 _aTR-IsEVY
_btur
_cTR-IsEVY
082 _a810 İÇÖ/B
100 _aİÇÖZÜ, NUR.
245 0 _aBANA DERLER KÜP CADISI.
260 _bAltın,
_c2011
300 _a120.
650 _aTürk Edebiyatı.
942 _2ddc
_cBK
999 _c7320
_d7320